000 00714nam a22002418a 4500
001 56436744
003 OSt
005 20150408113720.0
008 040517s2004 cau 001 0 eng
020 _a0072255595 (pbk.)
040 _aUKM
_cUKM
082 _221
_a621.3916
092 _a621.3916
_bR815B1
100 _aRosenthal, Morris.10
_95900
245 _aBuild your own PC /
_cMorris Rosenthal.
250 _aRev. 4th ed.
260 _aEmeryville, Calif.
_bMcGraw-Hill/Osborne ;
_aLondon
_bMcGraw-Hill,
_c2004.
_axi
300 _bill. ;
_c28 cm.
_aPrev
500 _aIncl
500 _aMicr
650 _aMicrocomputers
_xDesign and construction
_vAmateurs' manuals.\\
_95901
942 _2ddc
_cBOOK
999 _c536
_d235036